000 00366 a2200169 4500
001 188183
020 _a85-08-09113-3
040 _cMagnum
100 _aGarcia, Salvador Álvaro
240 1 0 _aSimple coincidencia
_lpor
245 1 0 _aSimple coincidencia
300 _a80
362 0 _a2004
440 1 _aÁtica
697 _aLITERATURA ESPANHOLA
942 _cBK
999 _c188183
_d188183